000 01428nam a2200313 a 4500
001 BRCA_2364
005 20190320203756.0
008 061108s1905----u--#---###---#000-0#spa-u
041 _aspa
044 _au
084 _a005
_b.H57
_c1905 F1605
100 1 _aCervantes Saavedra, Miguel de
_d1547-1616
_9213
245 1 0 _aEl Ingenioso Hidalgo Don Quixote de la Mancha
_ccompuesto por Miguel de Cervantes Saavedra.
260 _aNueva York
_bThe Hispanic Society of America
_c1905
300 _a1 v. (en varias paginaciones)
_c24 cm.
500 _aContenido : Dedicatoria del autor al Duque de Béjar. Prólogo del autor. Versos preliminares. Texto. Tasa. Testimonio de erratas
500 _aFacsímil de : El ingenioso hidalgo Don Quixote de la Mancha. Madrid: Juan de la Cuesta, 1605
500 _aFacsímil de la primera parte de la edición príncipe igula al LO-004. Encuadernado en semipiel roja; lomo con florones y filetes dorados Lúdovik Osterc
500 _aCon ex-libris de : H. M. Brower
500 _aExistencias : Complementa al LO-027
500 _aQMR113 (?)
650 1 4 _aNovela española
_yÉpoca clásica, 1500-1700
_9215
650 1 4 _aLiteratura española
_yÉpoca clásica, 1500-1700
_9216
650 1 4 _aNovela española
_ySiglo XVII
_9217
650 1 4 _aDon Quijote (Personaje ficticio)
_eNovela
_9218
740 0 _aEl Ingenioso Hialgo Don Quijote de la Mancha
902 _aQFM
942 _2lcc
_cB
999 _c2105
_d2105